Представление документа в формате RUSMARC

ПолеНазваниеЗначение
  Тип записи a
  Библиографический уровень a
001 Контрольный номер UONB/MAIN/ef87a3411dfb4f2fb3aaae23a9e0fdf4
005 Дата корректировки 20260430120508.3
100 Данные общей обработки __
a Данные общей обработки 20260430 ||| 0rusy0189 ca
101 Язык документа 0_
a Язык текста rus
102 Страна публикации __
a Страна публикации RU
200 Заглавие и сведения об ответственности 1_
a Заглавие Водовороты судьбы
f Первые сведения об ответственности В. Мишурская
203 Вид содержания и тип средства __
a Вид содержания Текст
b Характеристика содержания визуальный
c Тип средства непосредственный
215 Физическое описание __
c Иллюстрации/тип воспроизводства ил., портр.
330 Аннотация __
a Аннотация История жизни Марии Александровны Соболевой (Кругловой), ребенка войны, труженицы тыла, жительницы Тереньгульского района.
461 Уровень набора _0
1 2000
a Тереньгульские вести
463 Уровень физической единицы _0
1 2000
a № 13 (11256) (27 марта)
v С. 6
1 2101
d 2026
1 001UONB/MAIN/f21490e50ea04b67b23254f88e19b176
600 Персоналии _1
a Персоналии (Фамилия) Соболева (Круглова)
b Персоналии (Имя, инициалы) М. А.
g Полное имя Мария Александровна
600 Персоналии _1
a Персоналии (Фамилия) Круглов
b Персоналии (Имя, инициалы) А. П.
g Полное имя Александр Петрович
607 Географические рубрики __
a Географическое наименование Порецкое, село (Кузоватовский район ; Ульяновская область)
610 Ключевые слова 0_
a Ключевые слова долгожители; дети войны; труженики тыла; семьи; воспоминания о Великой Отечественной войне; участники Великой Отечественной войны
686 Индексы других классификаций __
2 Код системы rubbk
a Классификационный индекс 63.372.278
700 Автор _1
a Фамилия Мишурская
b Имя (инициалы) В.
801 Источник записи _0
a Страна RU
b Организация Ульяновская ОНБ
c Дата составления 20260430
g Правила каталогизации RCR
801 Источник записи _1
a Страна RU
b Организация Ульяновская ОНБ
c Дата составления 20260430
g Правила каталогизации RCR
901 Тип документа __
t Тип документа f
w Контрольный № источника UONB/MAIN/f21490e50ea04b67b23254f88e19b176
909 Создатель записи __
a Создатель записи Мухаметжанова
b Дата создания записи 20260430